000 00689nam a2200217Ii 4500
003 JO-AjNU
008 230605s9999||||xx |||||||||||||| ||und||
017 _a2002
020 _a977-6015
040 _aJO-AjNU
_bara
_erda
_cJO-AjNU
041 _aara
050 1 4 _aR128.3 2003
100 3 _aبدار ، وفاء احمد,
_eauthor
_917342
245 0 0 _aالطب والاطباء في مصر الفرعونية
264 3 1 _aالاسكندرية:مكتبة البستان المعرفة ، 2003
300 _a548ص
336 _atext
_btxt
_2rdacontent
337 _aunmediated
_bn
_2rdamedia
338 _avolume
_bnc
_2rdacarrier
650 4 _aالطب - الاطباء - مصر
_917343
999 _aA5336
_c8904
_d8904